00807nam a2200181 a 4500001001000000005001700010008004100027050002400068245013600092260010200228300004200330500012100372500003300493504003100526700002100557700002000578700002700598BRCA_163920190320203505.0010905s1982----sp-a---f##---#001-0#spa-# 4aND813.T4b.G74 198210aEl Greco de Toledoctextos de Jonathan Brown... [et al.] ; versión española de Carlota Millán, Ángel Schmidt y Julia Silva. aToledo, OhiobThe Toledo Museum of Art : Ministerio de Cultura : Fundación Banco Urquijoc1982. a279 p.bil. (algunas a color)c30 cm. aCatálogo de la exposición realizada en el Museo de Toledo (Madrid, España), 26 septiembre - 21 noviembre, 1982 aIncluye índice analítico aBibliografía: p. 265-2741 aSchmidt, Ángel1 aMillan, Carlota1 aBrown, Jonathand1939-